000 00808nam a22002657a 4500
999 _c19039
_d19039
003 AR-CdUCM
008 190222b ||||| |||| 00| 0 spa d
020 _a8482809008
020 _a8482809571
040 _aMUNICIPALIDAD PROVINCIAL DEL CUSCO
_cBIBLIOTECA MUNICIPAL DEL CUSCO
041 _hEng
082 _a818.5 /
_bC22
100 _aCaldwell, Erskine
_91168
245 _aEl camino del Tabaco /
260 _aBarcelona :
_bBruguera,
_c1977.
300 _a189 paginas. ;
_c20 cm.
505 _aTexto -- Literatura -- introducción -- tabaco -- el camino al éxito
650 _anarrativo
_91169
650 _aliteratura
_9212
650 _ael camino
_91170
650 _ahistoria
_91171
700 _aSánchez, Atanasio (traductor)
_91172
942 _2ddc
_cLIBROS
945 _arjall
_d2019-05-16